[Event "LSS ZL-2009-0-00574"]
[Site "LSS email"]
[Date "2009.08.30"]
[Round "?"]
[White "Kerecsenyi, Zoltan"]
[Black "Dingjan, Nora"]
[Result "0-1"]
[WhiteElo "1313"]
[BlackElo "1370"]
[PlyCount "36"]
[EventDate "2009.08.13"]
[EventType "match (corr)"]
[EventRounds "2"]
[EventCountry "GER"]
[SourceTitle "Corr 2011"]
[Source "ChessBase"]
[SourceDate "2010.08.31"]
[SourceVersion "1"]
[SourceVersionDate "2010.08.31"]
[SourceQuality "1"]

1. e4 c5 2. Nf3 Nc6 3. Bb5 d6 4. 0-0 Bd7 5. Nc3 Nf6 6. Bxc6 Bxc6 7. d4 Nxe4 8. d5 Nxc3 9. bxc3 Bb5 10. Re1 Qd7 11. Nd2 g6 12. c4 Bg7 13. Rb1 Ba6 14. Qe2 0-0 15. Qxe7 Rae8 16. Qxd7 Rxe1+ 17. Nf1 Bxc4 18. g3 Bxf1 0-1

[Event "LSS ZL-2009-0-00560"]
[Site "LSS email"]
[Date "2009.07.29"]
[Round "?"]
[White "Dingjan, Nora"]
[Black "Windheim, Charles"]
[Result "0-1"]
[WhiteElo "1435"]
[BlackElo "1523"]
[PlyCount "92"]
[EventDate "2009.07.22"]
[EventType "match (corr)"]
[EventRounds "2"]
[EventCountry "GER"]
[SourceTitle "Telechess CBM 137"]
[Source "ChessBase"]
[SourceDate "2010.07.15"]
[SourceVersion "1"]
[SourceVersionDate "2010.07.15"]
[SourceQuality "1"]

1. e4 c5 2. Nf3 g6 3. d4 cxd4 4. Nxd4 Nc6 5. c4 Nf6 6. Nc3 d6 7. Be2 Nxd4 8. Qxd4 Bg7 9. Be3 0-0 10. Qd2 Be6 11. 0-0 Qa5 12. Rab1 Rfc8 13. b3 Ng4 14. Nd5 Qxd2 15. Bxd2 Kf8 16. Bg5 Bxd5 17. exd5 Nf6 18. Bd3 Nd7 19. Rfe1 Bf6 20. Bh6+ Kg8 21. g3 a5 22. a4 Ne5 23. Be2 Rc7 24. Kg2 Nd7 25. Bd3 Nc5 26. Bc2 b6 27. Rbd1 Bg7 28. Bg5 Bf6 29. Bc1 h5 30. h4 Rac8 31. Be3 Bc3 32. Re2 Kg7 33. Bg5 Re8 34. Bf4 Rd7 35. Be3 Rc7 36. Rc1 Bb2 37. Rb1 Bc3 38. Bf4 Rec8 39. Rd1 Rd7 40. Bg5 Re8 41. Re3 Be5 42. Rf3 e6 43. dxe6 Rxe6 44. Bc1 d5 45. cxd5 Red6 46. Re3 Bf6 0-1

[Event "LSS ZL-2009-0-00560"]
[Site "LSS email"]
[Date "2009.07.29"]
[Round "?"]
[White "Windheim, Charles"]
[Black "Dingjan, Nora"]
[Result "1-0"]
[WhiteElo "1297"]
[BlackElo "1370"]
[PlyCount "81"]
[EventDate "2009.07.22"]
[EventType "match (corr)"]
[EventRounds "2"]
[EventCountry "GER"]
[SourceTitle "Telechess CBM 137"]
[Source "ChessBase"]
[SourceDate "2010.07.15"]
[SourceVersion "1"]
[SourceVersionDate "2010.07.15"]
[SourceQuality "1"]

1. e4 c5 2. Nc3 Nc6 3. f4 g6 4. Nf3 Bg7 5. Bb5 Nd4 6. 0-0 Nxb5 7. Nxb5 d5 8. exd5 a6 9. Nc3 Nf6 10. d4 c4 11. Qe2 Nxd5 12. Re1 Be6 13. Qxc4 Nxc3 14. Qxc3 Rc8 15. Qd2 Bd5 16. Ne5 0-0 17. b3 f6 18. Nd3 b5 19. Ba3 f5 20. Bxe7 Bxd4+ 21. Nf2 Bc3 22. Qxc3 Rxc3 23. Bxd8 Rxd8 24. Rad1 Rc7 25. Rd4 Rcd7 26. Red1 Kf8 27. c4 bxc4 28. bxc4 Bc6 29. Rxd7 Rxd7 30. Rxd7 Bxd7 31. Nd3 Be6 32. Ne5 Ke7 33. Kf2 Kd6 34. Ke3 Kc5 35. Kd3 Bc8 36. Kc3 Bb7 37. g3 Bc8 38. Nd3+ Kd6 39. Kd4 Bd7 40. c5+ Kc7 41. Kd5 1-0

[Event "LSS ZL-2009-0-00559"]
[Site "LSS email"]
[Date "2009.07.25"]
[Round "?"]
[White "Dingjan, Nora"]
[Black "Sinygovsky, Vladimir"]
[Result "1-0"]
[WhiteElo "1370"]
[BlackElo "1185"]
[PlyCount "93"]
[EventDate "2009.07.20"]
[EventType "match (corr)"]
[EventRounds "2"]
[EventCountry "GER"]
[SourceTitle "Corr 2011"]
[Source "ChessBase"]
[SourceDate "2010.08.31"]
[SourceVersion "1"]
[SourceVersionDate "2010.08.31"]
[SourceQuality "1"]

1. e4 Nf6 2. e5 Nd5 3. d4 d6 4. Nf3 dxe5 5. Nxe5 e6 6. Bb5+ c6 7. Be2 Bd6 8. c4 Ne7 9. Nc3 Nd7 10. Nf3 Nf6 11. Bg5 Nf5 12. Qd2 h6 13. Bxf6 Qxf6 14. Ne4 Qd8 15. Nxd6+ Qxd6 16. 0-0-0 0-0 17. g4 Ne7 18. h4 a5 19. g5 Nf5 20. c5 Qd5 21. Ne5 Qxa2 22. Qc2 Qd5 23. Bc4 Qd8 24. Qe4 h5 25. g6 fxg6 26. Nxg6 Rf6 27. Nf4 Qf8 28. Nxh5 Rh6 29. Nf4 Qf6 30. h5 a4 31. Rh3 Ne7 32. Rf3 Qg5 33. Rg3 Qf5 34. Qe5 Qf6 35. Bd3 Bd7 36. Qc7 a3 37. bxa3 Rc8 38. Qd6 Rf8 39. Rg4 Be8 40. Rdg1 Kh8 41. Rxg7 Qxf4+ 42. Qxf4 Rxf4 43. Rxe7 Bxh5 44. Rxb7 Rg4 45. Rxg4 Bxg4 46. Be4 Rf6 47. Bxc6 1-0

[Event "LSS ZL-2009-0-00559"]
[Site "LSS email"]
[Date "2009.07.25"]
[Round "?"]
[White "Sinygovsky, Vladimir"]
[Black "Dingjan, Nora"]
[Result "0-1"]
[WhiteElo "1185"]
[BlackElo "1370"]
[PlyCount "74"]
[EventDate "2009.07.20"]
[EventType "match (corr)"]
[EventRounds "2"]
[EventCountry "GER"]
[SourceTitle "Corr 2011"]
[Source "ChessBase"]
[SourceDate "2010.08.31"]
[SourceVersion "1"]
[SourceVersionDate "2010.08.31"]
[SourceQuality "1"]

1. a3 e5 2. Nf3 e4 3. Nd4 d5 4. d3 Nf6 5. dxe4 Nxe4 6. Nc3 Nxc3 7. bxc3 Be7 8. Bf4 0-0 9. e3 Bf6 10. Bd3 a6 11. Rb1 c5 12. Bxb8 Rxb8 13. Nc6 Bxc3+ 14. Kf1 bxc6 15. Rxb8 Qa5 16. Qc1 c4 17. Be2 Be5 18. Rb1 Bf5 19. g4 Bg6 20. Kg2 Bd6 21. Rb7 Qc3 22. Bf3 Rc8 23. g5 a5 24. h4 Qxc2 25. Qxc2 Bxc2 26. Bg4 Rd8 27. Rc1 Bb3 28. Rd7 Rxd7 29. Bxd7 Bxa3 30. Ra1 Bb4 31. Bxc6 c3 32. Bb5 g6 33. Bd3 a4 34. e4 d4 35. Kf3 a3 36. Ke2 a2 37. e5 Ba3 0-1

[Event "LSS ZL-2009-0-00520"]
[Site "LSS email"]
[Date "2009.05.15"]
[Round "?"]
[White "D'Emilia, Jack"]
[Black "Dingjan, Nora"]
[Result "0-1"]
[WhiteElo "1221"]
[BlackElo "1283"]
[PlyCount "48"]
[EventDate "2009.05.12"]
[EventType "match (corr)"]
[EventRounds "2"]
[EventCountry "GER"]
[SourceTitle "Corr 2011"]
[Source "ChessBase"]
[SourceDate "2010.08.31"]
[SourceVersion "1"]
[SourceVersionDate "2010.08.31"]
[SourceQuality "1"]

1. d4 Nf6 2. Nc3 d5 3. e4 dxe4 4. f3 e6 5. fxe4 Bb4 6. Qd3 0-0 7. Bg5 c5 8. e5 cxd4 9. Bxf6 dxc3 10. bxc3 Qxd3 11. cxd3 Bxc3+ 12. Ke2 Bxa1 13. Be7 Re8 14. Bd6 Bd7 15. Nf3 Rc8 16. g4 Rc2+ 17. Ke3 Bc6 18. Be2 Rxa2 19. Rg1 Nd7 20. h4 Rc8 21. h5 Nb6 22. Nd4 Nd5+ 23. Kf2 Bxd4+ 24. Kg2 Nf4+ 0-1

[Event "LSS RF-2009-0-00031"]
[Site "LSS email"]
[Date "2009.05.14"]
[Round "?"]
[White "Fernandez, German"]
[Black "Dingjan, Nora"]
[Result "0-1"]
[WhiteElo "1045"]
[BlackElo "1022"]
[PlyCount "54"]
[EventDate "2009.03.02"]
[EventType "tourn (corr)"]
[EventRounds "6"]
[EventCountry "GER"]
[SourceTitle "Corr 2011"]
[Source "ChessBase"]
[SourceDate "2010.08.31"]
[SourceVersion "1"]
[SourceVersionDate "2010.08.31"]
[SourceQuality "1"]

1. e4 c5 2. Nf3 d6 3. d4 cxd4 4. Nxd4 Nf6 5. f3 Nc6 6. Be3 e5 7. Nxc6 bxc6 8. Nc3 Rb8 9. Rb1 d5 10. exd5 Nxd5 11. Nxd5 cxd5 12. Bd3 Bd6 13. 0-0 0-0 14. c4 d4 15. Bf2 f5 16. Qc2 Qc7 17. Bg3 Qc5 18. Bf2 Bd7 19. a3 a5 20. Rfc1 a4 21. Kh1 Be7 22. b4 axb3 23. Rxb3 Ba4 24. Rxb8 Bxc2 25. Rxf8+ Bxf8 26. Rxc2 Qxa3 27. Bxf5 d3 0-1

[Event "LSS RF-2009-0-00031"]
[Site "LSS email"]
[Date "2009.05.10"]
[Round "?"]
[White "Davidson, Eric"]
[Black "Dingjan, Nora"]
[Result "0-1"]
[WhiteElo "1065"]
[BlackElo "1022"]
[PlyCount "52"]
[EventDate "2009.03.02"]
[EventType "tourn (corr)"]
[EventRounds "6"]
[EventCountry "GER"]
[SourceTitle "Corr 2011"]
[Source "ChessBase"]
[SourceDate "2010.08.31"]
[SourceVersion "1"]
[SourceVersionDate "2010.08.31"]
[SourceQuality "1"]

1. f4 d5 2. Nf3 Nc6 3. g3 Nf6 4. Bg2 Bf5 5. b3 e6 6. Bb2 Be7 7. d3 Ng4 8. Qd2 d4 9. h3 Ne3 10. Kf2 Bc5 11. Ba3 Bb6 12. g4 Bg6 13. Bb2 Qd6 14. Na3 Qxf4 15. Nc4 e5 16. Nxb6 axb6 17. c3 0-0-0 18. a4 Rhe8 19. b4 h5 20. a5 e4 21. dxe4 Bxe4 22. cxd4 Bxf3 23. Bxf3 Nxg4+ 24. Ke1 Qxf3 25. Rf1 Qg3+ 26. Kd1 Ne3+ 0-1

[Event "LSS RF-2009-0-00031"]
[Site "LSS email"]
[Date "2009.05.05"]
[Round "?"]
[White "Bester, Kazimierz"]
[Black "Dingjan, Nora"]
[Result "0-1"]
[WhiteElo "232"]
[BlackElo "1022"]
[PlyCount "48"]
[EventDate "2009.03.02"]
[EventType "tourn (corr)"]
[EventRounds "6"]
[EventCountry "GER"]
[SourceTitle "Corr 2011"]
[Source "ChessBase"]
[SourceDate "2010.08.31"]
[SourceVersion "1"]
[SourceVersionDate "2010.08.31"]
[SourceQuality "1"]

1. d4 Nf6 2. Nf3 d6 3. Nc3 Bf5 4. e3 c6 5. Be2 g6 6. 0-0 Bg7 7. Nh4 d5 8. Nxf5 gxf5 9. f3 e6 10. Na4 Nbd7 11. c4 dxc4 12. Bxc4 b5 13. Bb3 bxa4 14. Bxa4 Rc8 15. b4 Nd5 16. b5 c5 17. Qb3 cxd4 18. Bb2 Nxe3 19. Rf2 0-0 20. Re1 Qa5 21. Rxe3 dxe3 22. Bxg7 Rc1+ 23. Rf1 e2 24. Rxc1 e1Q+ 0-1

[Event "LSS BI-2007-P-00015"]
[Site "LSS email"]
[Date "2007.04.23"]
[Round "?"]
[White "Dingjan, Nora"]
[Black "Clark, Mark J"]
[Result "0-1"]
[WhiteElo "1366"]
[BlackElo "1260"]
[PlyCount "26"]
[EventDate "2007.04.23"]
[EventType "tourn (corr)"]
[EventRounds "10"]
[EventCountry "GER"]
[SourceTitle "Corr 2015"]
[Source "ChessBase"]
[SourceDate "2015.07.17"]
[SourceVersion "1"]
[SourceVersionDate "2015.07.17"]
[SourceQuality "1"]

1. d4 Nf6 2. Bf4 d6 3. Nf3 g6 4. Nc3 Bg7 5. e4 c6 6. Be2 0-0 7. 0-0 Qb6 8. Rb1 Nbd7 9. Be3 Ng4 10. Bg5 Re8 11. Qd2 Nf8 12. h3 Nf6 13. Be3 Qc7 0-1

[Event "LSS ZN-2007-0-00188"]
[Site "LSS email"]
[Date "2007.02.08"]
[Round "?"]
[White "Dingjan, Nora"]
[Black "Yangibayev, Rustam"]
[Result "1-0"]
[WhiteElo "1366"]
[BlackElo "1400"]
[PlyCount "21"]
[EventDate "2007.02.07"]
[EventType "match (corr)"]
[EventRounds "2"]
[EventCountry "GER"]
[SourceTitle "Corr 2015"]
[Source "ChessBase"]
[SourceDate "2015.07.17"]
[SourceVersion "1"]
[SourceVersionDate "2015.07.17"]
[SourceQuality "1"]

1. Nc3 e5 2. Nf3 e4 3. Nxe4 Bb4 4. c3 Ba5 5. Qa4 Bb6 6. d4 Nc6 7. d5 Nce7 8. d6 Nc6 9. Bg5 Nf6 10. Nxf6+ gxf6 11. Qe4+ 1-0

[Event "IECG OP.2007.0.00233 email"]
[Site "IECG email"]
[Date "2007.01.28"]
[Round "?"]
[White "Dingjan, Nora"]
[Black "Milde, Lars"]
[Result "0-1"]
[WhiteElo "800"]
[BlackElo "1868"]
[PlyCount "62"]
[EventDate "2007.01.28"]
[EventType "tourn (corr)"]
[EventRounds "6"]
[SourceTitle "Corr 2008"]
[Source "ChessBase"]
[SourceDate "2008.06.24"]
[SourceVersion "1"]
[SourceVersionDate "2008.06.24"]
[SourceQuality "1"]

1. e4 e5 2. Nf3 Nc6 3. Nc3 Nf6 4. d4 exd4 5. Nd5 Be7 6. Bc4 0-0 7. 0-0 d6 8. Nxd4 Ne5 9. Qe2 Re8 10. f3 Nxc4 11. Nxe7+ Qxe7 12. Qxc4 Qe5 13. Rd1 d5 14. exd5 Nxd5 15. Bd2 Ne3 16. Bxe3 Qxe3+ 17. Kh1 Qe5 18. Kg1 Bd7 19. Re1 Qd6 20. Rad1 Rxe1+ 21. Rxe1 c5 22. Nb3 b6 23. Qe2 Be6 24. Rd1 Qc7 25. Nd2 Rd8 26. Ne4 Rxd1+ 27. Qxd1 h6 28. b3 Qe5 29. Qd8+ Kh7 30. Qe7 Qd4+ 31. Kf1 Qd1+ 0-1